Managerial Evaluation of Logistics Performance Index in Current Industrial Revolution

Manažérske zhodnotenie úrovne logistiky v súčasnej priemyselnej revolúcii prostredníctvom literárnej rešerše a analýzy indexu logistickej výkonnosti, ktorý zahŕňa šesť kategórií (clo, infraštruktúra, medzinárodná preprava, kvalita logistických služieb, sledovanie zásielok a čas).

Salvato in:
Dettagli Bibliografici
Autore principale: Richnák, Patrik, 1988-
Altri autori: Čambalíková, Andrea, 1990-
Natura: Capitolo di libro
Lingua:slovacco
Soggetti:
Tags: Aggiungi Tag
Nessun Tag, puoi essere il primo ad aggiungerne!!

MARC

LEADER 00000naa$a2200000$$$4500
001 0280975
005 20240521102217.6
041 0 |a slo 
044 |a PL 
245 1 0 |a Managerial Evaluation of Logistics Performance Index in Current Industrial Revolution  |c Patrik Richnák, Andrea Čambalíková 
520 |a Manažérske zhodnotenie úrovne logistiky v súčasnej priemyselnej revolúcii prostredníctvom literárnej rešerše a analýzy indexu logistickej výkonnosti, ktorý zahŕňa šesť kategórií (clo, infraštruktúra, medzinárodná preprava, kvalita logistických služieb, sledovanie zásielok a čas). 
610 2 0 |a výkonnosť 
610 2 0 |a logistika 
610 2 0 |a manažéri 
610 2 0 |a revolúcia priemyselná 
100 1 |a Richnák, Patrik, 1988- 
700 1 |a Čambalíková, Andrea, 1990-